| 000 | 00390pab a2200145 454500 | ||
|---|---|---|---|
| 008 | 180718b2001 xxu||||| |||| 00| 0 eng d | ||
| 100 | _aFetner, Tina | ||
| 245 | _aWorking antibryant: the impact of Christian anti-gay activism on lesbian and gay movement claims | ||
| 260 | _c2001 | ||
| 300 | _ap.411-38 | ||
| 362 | _aAug | ||
| 650 | _aGays | ||
| 773 | _aSocial Problems | ||
| 909 | _a49917 | ||
| 999 |
_c49917 _d49917 |
||